LIBRARY & INFORMATION CENTRE, KCAET, TAVANUR

ONLINE PUBLIC ACCESS CATALOGUE (OPAC)

Research scheme on power: study on the effects of the life of the turbine blades due to frequent variations in the system frequency (Record no. 10045)

MARC details
000 -LEADER
fixed length control field 00483cam a2200145ua 4500
003 - CONTROL NUMBER IDENTIFIER
control field OSt
008 - FIXED-LENGTH DATA ELEMENTS--GENERAL INFORMATION
fixed length control field 230320b |||||||| |||| 00| 0 eng d
041 ## - LANGUAGE CODE
Language code of text/sound track or separate title eng
082 ## - DEWEY DECIMAL CLASSIFICATION NUMBER
Classification number 028.74621
Item number CEN/RE
245 ## - TITLE STATEMENT
Title Research scheme on power: study on the effects of the life of the turbine blades due to frequent variations in the system frequency
260 ## - PUBLICATION, DISTRIBUTION, ETC. (IMPRINT)
Place of publication New Delhi :
Name of publisher Central Board of Irrigation and Power (CBIP) ,
Year of publication 1997.
300 ## - PHYSICAL DESCRIPTION
Number of Pages 50 ; .
500 ## - GENERAL NOTE
General note ** Reference
942 ## - ADDED ENTRY ELEMENTS (KOHA)
Koha item type Books
Holdings
Withdrawn status Lost status Damaged status Home library Current library Date acquired Full call number Accession Number Koha item type
      KAUAET KAUAET 07/04/2012 028.74621 19806 Reference
free website counter